|
|
|
|
| LEADER |
01440ppm a22003378a 4500 |
| 001 |
00033820 |
| 005 |
20171026081025.0 |
| 008 |
151230s2014 ||||||viesd |
| 041 |
0 |
# |
|a vie
|
| 082 |
1 |
4 |
|b NGH305C
|a 547
|
| 100 |
1 |
# |
|a Bùi, Thị Minh Nguyệt
|
| 245 |
0 |
0 |
|a Nghiên cứu thành phần hóa học và hoạt tính sinh học cây Na (Annona Squamasal.) và cây dủ dẻ trâu (Melodorum Fruticosumlour.) thuộc họ na (Annonaceae) ở Việt Nam
|b Luận án tiến sĩ hóa học. Chuyên ngành: Hóa hữu cơ. Mã số: 62.44.01.14
|c Bùi Thị Minh Nguyệt; Trần Đình Thắng, Ping Chung Kuo (hướng dẫn)
|
| 260 |
# |
# |
|a Vinh
|b Đại học Vinh
|c 2014
|
| 300 |
# |
# |
|a 126 tr. +phụ lục
|b minh họa
|c 30cm.
|e 1 bản tóm tắt
|
| 500 |
# |
# |
|a ĐTTS ghi: Bộ Giáo dục và đào tạo. Trường Đại học Vinh
|
| 653 |
# |
# |
|a Cây na
|
| 653 |
# |
# |
|a Cây dủ dẻ trâu
|
| 653 |
# |
# |
|a Hoạt tính
|
| 653 |
# |
# |
|a Việt Nam
|
| 653 |
# |
# |
|a Luận án
|
| 653 |
# |
# |
|a Hóa hữu cơ
|
| 700 |
1 |
# |
|a Ping, Chung Kuo
|e Hướng dẫn
|
| 700 |
1 |
# |
|a Trần, Đình Thắng
|e Hướng dẫn
|
| 852 |
# |
# |
|j LA.0000039
|
| 852 |
# |
# |
|b Kho đọc SĐH
|j LA.0000039
|
| 910 |
|
|
|d 30/12/2015
|
| 980 |
# |
# |
|a Trung tâm Học liệu Lê Vũ Hùng, Trường Đại học Đồng Tháp
|